[Event "Leiden Noteboom op 83rd"]
[Site "Leiden"]
[Date "2024.02.17"]
[Round "3"]
[White "Becx, Cesar"]
[Black "Van Ketel, Raoul"]
[Result "1/2-1/2"]
[WhiteElo "1975"]
[BlackElo "2228"]
[PlyCount "49"]
[EventDate "2024.02.16"]
[EventType "swiss"]
[EventRounds "6"]
[EventCountry "NED"]
[SourceTitle "CB08_2024"]
[SourceDate "2024.02.21"]
[SourceVersion "1"]
[SourceVersionDate "2024.02.21"]
[SourceQuality "1"]

1. f4 d5 2. Nf3 Nf6 3. e3 g6 4. Be2 Bg7 5. 0-0 0-0 6. d3 c5 7. a4 Nc6 8. Ne5 Bd7 9. Bf3 Qc7 10. Nxd7 Qxd7 11. g4 Ne8 12. Nc3 d4 13. Ne4 b6 14. exd4 Nxd4 15. Nxc5 Nxf3+ 16. Qxf3 Qc8 17. Nd7 Qxd7 18. Qxa8 Qxg4+ 19. Qg2 Qd7 20. a5 Nd6 21. c3 Nf5 22. axb6 axb6 23. d4 Bf6 24. Bd2 Qb5 25. b4 1/2-1/2

[Event "Leiden SB-ch 1920"]
[Site "Leiden"]
[Date "2020.09.25"]
[Round "6"]
[White "Van der Werf, Mark"]
[Black "Van Ketel, Raoul"]
[Result "1-0"]
[WhiteElo "2391"]
[BlackElo "2215"]
[PlyCount "51"]
[EventDate "2019.11.08"]
[EventType "swiss"]
[EventRounds "7"]
[EventCountry "NED"]
[SourceTitle "EXT 2023"]
[Source "ChessBase"]
[SourceDate "2022.10.05"]
[SourceVersion "1"]
[SourceVersionDate "2022.10.05"]
[SourceQuality "1"]

1. c4 e6 2. Nc3 Bb4 3. Qb3 a5 4. a3 Bxc3 5. Qxc3 Nf6 6. d4 0-0 7. Bg5 h6 8. Bh4 d6 9. e3 Nbd7 10. Bd3 b6 11. Ne2 c5 12. 0-0 Ba6 13. Qb3 Rc8 14. Nc3 cxd4 15. exd4 d5 16. Nb5 Bxb5 17. cxb5 Qc7 18. Bg3 Qb7 19. Bf4 Rfe8 20. Rae1 e5 21. dxe5 Ne4 22. Qd1 Ndc5 23. Bb1 Ne6 24. Bc1 N4c5 25. Qg4 Kh8 26. Re3 1-0

[Event "Leiden Noteboom op 80th"]
[Site "Leiden"]
[Date "2020.03.01"]
[Round "5"]
[White "Van Ketel, Raoul"]
[Black "Pijpers, Arthur"]
[Result "0-1"]
[WhiteElo "2224"]
[BlackElo "2470"]
[PlyCount "74"]
[EventDate "2020.02.28"]
[EventType "swiss"]
[EventRounds "6"]
[EventCountry "NED"]
[SourceTitle "CBM 195 Extra"]
[Source "ChessBase"]
[SourceDate "2020.05.31"]
[SourceVersion "1"]
[SourceVersionDate "2020.05.31"]
[SourceQuality "1"]

1. d4 Nf6 2. c4 g6 3. Nc3 Bg7 4. e4 d6 5. Nge2 0-0 6. Ng3 h5 7. Be2 h4 8. Nf1 b5 9. cxb5 a6 10. e5 Nh7 11. Bf3 Ra7 12. Qa4 Nd7 13. Be3 Nb6 14. Qb3 Be6 15. d5 Bf5 16. a4 Bxe5 17. Nd2 axb5 18. Nxb5 Ra6 19. 0-0 e6 20. Rfc1 Na8 21. Nc4 Ng5 22. Nxe5 dxe5 23. Bxg5 Qxg5 24. Nxc7 Nxc7 25. Rxc7 Qf4 26. Qe3 Rxa4 27. Rxa4 Qxa4 28. d6 Rd8 29. h3 Qd4 30. Qg5 Qxd6 31. Rb7 e4 32. Qf6 Rf8 33. Be2 Qd2 34. Bf1 e3 35. fxe3 Qxe3+ 36. Kh2 Qf2 37. Bc4 Qf4+ 0-1

[Event "Leiden SB-ch 1920"]
[Site "Leiden"]
[Date "2019.11.08"]
[Round "1"]
[White "De Zoeten, Cato"]
[Black "Van Ketel, Raoul"]
[Result "0-1"]
[WhiteElo "1870"]
[BlackElo "2215"]
[PlyCount "62"]
[EventDate "2019.11.08"]
[EventType "swiss"]
[EventRounds "7"]
[EventCountry "NED"]
[SourceTitle "EXT 2023"]
[Source "ChessBase"]
[SourceDate "2022.10.05"]
[SourceVersion "1"]
[SourceVersionDate "2022.10.05"]
[SourceQuality "1"]

1. e4 e6 2. d4 d5 3. Nd2 Be7 4. e5 c5 5. c3 Nc6 6. Bd3 Nh6 7. Ndf3 cxd4 8. cxd4 Nf5 9. Ne2 0-0 10. 0-0 Kh8 11. Re1 f6 12. Bxf5 exf5 13. Bf4 g5 14. exf6 Bxf6 15. Be5 f4 16. Nc3 Bg4 17. h3 Bh5 18. Nb5 Qd7 19. Rc1 Qg7 20. Bxf6 Rxf6 21. Qb3 a6 22. Na3 Rd8 23. Nc2 g4 24. hxg4 Bxg4 25. Ne5 Bf5 26. Nxc6 bxc6 27. Re5 Rg8 28. Ne1 Be4 29. f3 Rg6 30. fxe4 Rxg2+ 31. Kf1 Rd2 0-1

[Event "Leiden SB-ch 1819"]
[Site "Leiden"]
[Date "2019.03.22"]
[Round "6"]
[White "Van der Velden, Bram"]
[Black "Van Ketel, Raoul"]
[Result "1-0"]
[WhiteElo "2172"]
[BlackElo "2231"]
[PlyCount "103"]
[EventDate "2018.10.19"]
[EventType "swiss"]
[EventRounds "9"]
[EventCountry "NED"]
[SourceTitle "EXT 2023"]
[Source "ChessBase"]
[SourceDate "2022.10.05"]
[SourceVersion "1"]
[SourceVersionDate "2022.10.05"]
[SourceQuality "1"]

1. d4 e6 2. c4 Nf6 3. Nc3 Bb4 4. Nf3 0-0 5. Qc2 d6 6. Bd2 Nbd7 7. a3 Bxc3 8. Bxc3 Qe7 9. e3 e5 10. Be2 exd4 11. Nxd4 Nc5 12. b3 Re8 13. Bb2 Ng4 14. 0-0 Qh4 15. Nf3 Qh6 16. h3 Nf6 17. Rad1 Bd7 18. Rd4 a5 19. Rf4 Re6 20. Rd1 Rae8 21. Rdd4 Qg6 22. Qd1 Re4 23. Rdxe4 Rxe4 24. Nh4 Qh6 25. Nf5 Bxf5 26. Rxf5 Re6 27. Bxf6 gxf6 28. Bf3 b6 29. b4 axb4 30. axb4 Ne4 31. Qa1 Ng5 32. Bd5 Re5 33. Rf4 Qg6 34. Rg4 h5 35. Rg3 h4 36. Rg4 Rxd5 37. cxd5 f5 38. Rc4 f4 39. Rxc7 Kh7 40. Rc8 Nf3+ 41. Kh1 Ne5 42. exf4 Qf5 43. Qc1 Ng6 44. Qc3 Qxf4 45. Kg1 Qf5 46. Qc4 Qe5 47. Qc1 Qxd5 48. Rc7 b5 49. Qe3 Kg7 50. Kh2 Ne5 51. Qg5+ Ng6 52. Qxd5 1-0

[Event "Leiden SB-ch 1819"]
[Site "Leiden"]
[Date "2019.02.15"]
[Round "5"]
[White "Van Ketel, Raoul"]
[Black "Van der Knaap, Jan"]
[Result "1-0"]
[WhiteElo "2231"]
[BlackElo "1769"]
[PlyCount "103"]
[EventDate "2018.10.19"]
[EventType "swiss"]
[EventRounds "9"]
[EventCountry "NED"]
[SourceTitle "EXT 2023"]
[Source "ChessBase"]
[SourceDate "2022.10.05"]
[SourceVersion "1"]
[SourceVersionDate "2022.10.05"]
[SourceQuality "1"]

1. d4 d6 2. c4 e5 3. Nc3 exd4 4. Qxd4 Nc6 5. Qd2 g6 6. b3 Bg7 7. Bb2 Nf6 8. g3 0-0 9. Nh3 Re8 10. Nf4 Bf5 11. Bg2 Ne4 12. Nxe4 Bxe4 13. Bxe4 Rxe4 14. Bxg7 Kxg7 15. Qb2+ f6 16. 0-0 Qe8 17. f3 Re5 18. e4 Qf7 19. Rac1 a5 20. Rf2 Nb4 21. a3 Nc6 22. Rd2 Kg8 23. Nd5 Rf8 24. g4 Ree8 25. Qc3 Qg7 26. Rg2 Rf7 27. Rf1 Re5 28. Qd3 Kh8 29. b4 axb4 30. axb4 Re8 31. f4 Rd7 32. h4 Ne7 33. Ne3 Rdd8 34. Nc2 Ng8 35. Rd1 Qe7 36. Re2 f5 37. Qc3+ Qf6 38. e5 dxe5 39. Rxd8 Rxd8 40. g5 Rd1+ 41. Kf2 Qg7 42. Rxe5 h6 43. Ne3 Rd7 44. Nd5 Kh7 45. Qe3 Qf7 46. Qc5 c6 47. Ne3 Rd2+ 48. Kf3 Qd7 49. Qf8 Rd3 50. gxh6 b6 51. h5 gxh5 52. Re8 1-0

[Event "Groningen op-A 55th"]
[Site "Groningen"]
[Date "2017.12.28"]
[Round "7"]
[White "Schippers, Maurice"]
[Black "Van Ketel, Raoul"]
[Result "1-0"]
[WhiteElo "2302"]
[BlackElo "2214"]
[PlyCount "101"]
[EventDate "2017.12.22"]
[EventType "swiss"]
[EventRounds "9"]
[EventCountry "NED"]
[SourceTitle "CBM 182 Extra"]
[Source "ChessBase"]
[SourceDate "2018.02.23"]
[SourceVersion "1"]
[SourceVersionDate "2018.02.23"]
[SourceQuality "1"]

1. e4 e6 2. d4 d5 3. Nd2 Nf6 4. e5 Nfd7 5. c3 c5 6. Bd3 Nc6 7. Ne2 cxd4 8. cxd4 f6 9. exf6 Nxf6 10. 0-0 Bd6 11. Nf3 Qc7 12. h3 0-0 13. Be3 h6 14. Rc1 g5 15. Ne5 Qg7 16. Nxc6 bxc6 17. Rxc6 Bb8 18. Qd2 Bd7 19. Rc2 Bd6 20. b4 Rab8 21. a3 Rf7 22. Rb1 Nh5 23. f3 Kh8 24. Rbc1 Rg8 25. Ba6 Rff8 26. Rc3 Bb8 27. Rc7 Rf7 28. R1c5 Qf8 29. Qc1 Qd6 30. Bd3 Be8 31. Rxf7 Bxf7 32. Rb5 Qh2+ 33. Kf2 Bg3+ 34. Nxg3 Qxg3+ 35. Kf1 Nf4 36. Bxf4 gxf4 37. Qc2 Qg7 38. Rb7 Qf6 39. Rxa7 Rf8 40. Qc5 Kg8 41. b5 Bg6 42. Be2 Qf5 43. Qc1 Qf6 44. Qc3 Qf5 45. Kf2 Qf6 46. a4 Re8 47. Kf1 e5 48. dxe5 Rxe5 49. Ra6 Qe7 50. Rxg6+ Kf7 51. Rxh6 1-0

[Event "Groningen op-A 55th"]
[Site "Groningen"]
[Date "2017.12.23"]
[Round "3"]
[White "Van Ketel, Raoul"]
[Black "Beerdsen, Thomas"]
[Result "0-1"]
[WhiteElo "2214"]
[BlackElo "2419"]
[PlyCount "72"]
[EventDate "2017.12.22"]
[EventType "swiss"]
[EventRounds "9"]
[EventCountry "NED"]
[SourceTitle "CBM 182 Extra"]
[Source "ChessBase"]
[SourceDate "2018.02.23"]
[SourceVersion "1"]
[SourceVersionDate "2018.02.23"]
[SourceQuality "1"]

1. d4 Nf6 2. c4 e6 3. Nc3 Bb4 4. a3 Bxc3+ 5. bxc3 b6 6. f3 d5 7. cxd5 exd5 8. e3 0-0 9. Bd3 c5 10. Ne2 Ba6 11. Bxa6 Nxa6 12. 0-0 Re8 13. Ng3 cxd4 14. cxd4 Qd7 15. Qe2 Nc7 16. Qf2 Nb5 17. Bb2 Nd6 18. Rae1 Re6 19. Re2 Rae8 20. Rfe1 a5 21. h3 b5 22. Nf1 Nc4 23. g4 h6 24. Ng3 b4 25. axb4 axb4 26. e4 dxe4 27. fxe4 Nxb2 28. Rxb2 Nxe4 29. Nxe4 Rxe4 30. Rxe4 Rxe4 31. Rxb4 h5 32. Qh4 Qd6 33. Ra4 Qc6 34. Ra1 hxg4 35. hxg4 Rxd4 36. Re1 Qd7 0-1

[Event "Leiden SB-chA"]
[Site "Leiden"]
[Date "2015.06.16"]
[Round "5"]
[White "Van Ketel, Raoul"]
[Black "Wantola, Ivo"]
[Result "0-1"]
[WhiteElo "2264"]
[BlackElo "2374"]
[PlyCount "88"]
[EventDate "2015.05.19"]
[EventType "swiss"]
[EventRounds "7"]
[EventCountry "NED"]
[SourceTitle "EXT 2018"]
[Source "ChessBase"]
[SourceDate "2017.10.13"]
[SourceVersion "1"]
[SourceVersionDate "2017.10.13"]
[SourceQuality "1"]

1. d4 d6 2. c4 e5 3. Nc3 exd4 4. Qxd4 Nc6 5. Qd2 g6 6. b3 Bg7 7. Bb2 Nf6 8. g3 0-0 9. Nh3 Re8 10. Nf4 g5 11. Nfd5 Nxd5 12. Nxd5 Bxb2 13. Qxb2 Ne5 14. 0-0-0 c6 15. Ne3 Qf6 16. f3 Qe7 17. f4 gxf4 18. gxf4 Ng6 19. Ng2 Bh3 20. Rg1 d5 21. Qc3 Qa3+ 22. Qb2 Qxb2+ 23. Kxb2 dxc4 24. e3 cxb3 25. axb3 Kf8 26. Rd3 a5 27. Ne1 Bf5 28. Rc3 a4 29. Nf3 axb3 30. Rxb3 Be6 31. Rxb7 Bd5 32. Ng5 Rxe3 33. Bg2 Ra2+ 34. Kb1 Rxg2 35. Rxg2 Bxg2 36. Rxf7+ Kg8 37. Rxh7 Nxf4 38. Rh4 Ng6 39. Rg4 Bd5 40. Kc2 Re2+ 41. Kc3 Rxh2 42. Kd4 Kg7 43. Kc5 Kf6 44. Kb6 Rh5 0-1

[Event "Leiden SB-chA"]
[Site "Leiden"]
[Date "2015.06.02"]
[Round "3"]
[White "Sikkel, Dirk"]
[Black "Van Ketel, Raoul"]
[Result "0-1"]
[WhiteElo "1905"]
[BlackElo "2264"]
[PlyCount "54"]
[EventDate "2015.05.19"]
[EventType "swiss"]
[EventRounds "7"]
[EventCountry "NED"]
[SourceTitle "EXT 2018"]
[Source "ChessBase"]
[SourceDate "2017.10.13"]
[SourceVersion "1"]
[SourceVersionDate "2017.10.13"]
[SourceQuality "1"]

1. e4 e6 2. d4 d5 3. Nd2 Nf6 4. e5 Nfd7 5. Bd3 c5 6. c3 Nc6 7. Ne2 cxd4 8. cxd4 f6 9. exf6 Nxf6 10. 0-0 Bd6 11. Nf3 Qc7 12. h3 0-0 13. Be3 Bd7 14. Re1 h6 15. Rc1 g5 16. Ne5 Be8 17. f4 Qg7 18. Nxc6 Bxc6 19. fxg5 hxg5 20. Qd2 Ne4 21. Bxe4 dxe4 22. Rxc6 bxc6 23. Bxg5 Rf5 24. h4 Rb8 25. Nc3 Rb4 26. Nxe4 Rxd4 27. Qe3 Bb4 0-1

[Event "Leiden SB-chA"]
[Site "Leiden"]
[Date "2015.05.19"]
[Round "1"]
[White "Van Ketel, Raoul"]
[Black "Roozendaal, Marc"]
[Result "1-0"]
[WhiteElo "2264"]
[BlackElo "1951"]
[PlyCount "100"]
[EventDate "2015.05.19"]
[EventType "swiss"]
[EventRounds "7"]
[EventCountry "NED"]
[SourceTitle "EXT 2018"]
[Source "ChessBase"]
[SourceDate "2017.10.13"]
[SourceVersion "1"]
[SourceVersionDate "2017.10.13"]
[SourceQuality "1"]

1. d4 Nf6 2. c4 e6 3. Nc3 Bb4 4. f3 d5 5. a3 Bxc3+ 6. bxc3 c5 7. cxd5 Nxd5 8. dxc5 Qa5 9. e4 Nf6 10. Be3 Nc6 11. Qb3 Nd7 12. Bb5 a6 13. Bxc6 bxc6 14. Qb4 Qc7 15. Nh3 0-0 16. 0-0 e5 17. Rfd1 Nf6 18. Qb6 Ra7 19. Rd6 Bd7 20. Rb1 Rc8 21. Nf2 Ne8 22. Rd2 Be6 23. Qxc7 Nxc7 24. Rb6 Ne8 25. Nd3 f6 26. Nb4 Bd7 27. Nxa6 Kf7 28. Nb8 Ke7 29. a4 Rd8 30. Rxd7+ Rdxd7 31. Nxc6+ Kf7 32. Nxa7 Rxa7 33. Rb4 Ke6 34. Kf2 Rc7 35. Ke2 Rc6 36. Kd3 Nc7 37. Kc4 Kd7 38. Rb6 Na6 39. g3 h6 40. f4 exf4 41. gxf4 Nc7 42. f5 Na6 43. Bf2 Nc7 44. a5 Na6 45. h4 Nc7 46. Bg3 Na6 47. Bd6 Nc7 48. Rb7 Kc8 49. Rxc7+ Rxc7 50. Bxc7 Kxc7 1-0

[Event "Neckar op-A 19th"]
[Site "Deizisau"]
[Date "2015.04.03"]
[Round "2"]
[White "Stopa, Jacek"]
[Black "Van Ketel, Raoul"]
[Result "1-0"]
[WhiteElo "2544"]
[BlackElo "2271"]
[PlyCount "93"]
[EventDate "2015.04.02"]
[EventType "swiss"]
[EventRounds "9"]
[EventCountry "GER"]
[SourceTitle "CBM 165 Extra"]
[Source "ChessBase"]
[SourceDate "2015.04.21"]
[SourceVersion "1"]
[SourceVersionDate "2015.04.21"]
[SourceQuality "1"]

1. d4 e6 2. c4 Nf6 3. Nc3 Bb4 4. Nf3 c5 5. a3 Bxc3+ 6. bxc3 Qa5 7. Bd2 b6 8. e3 Bb7 9. Bd3 Ne4 10. Qc2 f5 11. 0-0 0-0 12. Be1 Na6 13. Ra2 Nc7 14. Kh1 Ne8 15. Ng1 Rc8 16. Ne2 Ba8 17. Nf4 N4d6 18. f3 b5 19. cxb5 c4 20. Be2 Qxb5 21. Bg3 Qc6 22. Rb1 Nf6 23. Rab2 g5 24. Nh3 h6 25. Qc1 Kh7 26. Bd1 Nd5 27. Qd2 Nb6 28. a4 Kg8 29. Bc2 Nf7 30. e4 f4 31. Bf2 d5 32. e5 Nd7 33. Bg6 Nh8 34. Qc2 Rfd8 35. g3 Nf8 36. Bh5 fxg3 37. Bxg3 Qd7 38. f4 Qg7 39. Rg1 Qh7 40. Qxh7+ Kxh7 41. fxg5 hxg5 42. Rf2 Nd7 43. Nxg5+ Kh6 44. Bd1 Kxg5 45. Bf4+ Kh4 46. Bg5+ Kh3 47. Bg4# 1-0

[Event "Leiden SB-chA"]
[Site "Leiden"]
[Date "2014.06.03"]
[Round "4"]
[White "Wantola, Ivo"]
[Black "Van Ketel, Raoul"]
[Result "1-0"]
[WhiteElo "2366"]
[BlackElo "2285"]
[PlyCount "85"]
[EventDate "2014.05.13"]
[EventType "swiss"]
[EventRounds "7"]
[EventCountry "NED"]
[SourceTitle "EXT 2015"]
[Source "ChessBase"]
[SourceDate "2014.11.20"]
[SourceVersion "1"]
[SourceVersionDate "2014.11.20"]
[SourceQuality "1"]

1. Nf3 Nf6 2. c4 e6 3. g3 d5 4. d4 Be7 5. Bg2 0-0 6. 0-0 dxc4 7. Qc2 a6 8. a4 Bd7 9. Qxc4 Bc6 10. Bg5 Nbd7 11. Nc3 h6 12. Bxf6 Nxf6 13. Rfe1 Bd5 14. Qd3 Bxf3 15. Bxf3 c6 16. e4 Bb4 17. e5 Nd5 18. Re4 f5 19. exf6 Qxf6 20. Nxd5 exd5 21. Rf4 Qe7 22. Rxf8+ Rxf8 23. Rc1 Qf6 24. Kg2 Ba5 25. Rd1 Bb6 26. Qe3 Rf7 27. Rd3 Re7 28. Qd2 Rf7 29. Bh5 Re7 30. Qb4 Bd8 31. Rf3 Qe6 32. Rf4 a5 33. Qc5 Qd7 34. Bg6 b6 35. Qc2 Re4 36. Bxe4 dxe4 37. Qxe4 Bf6 38. h4 c5 39. dxc5 bxc5 40. Qc4+ Kh7 41. Qxc5 Qb7+ 42. Kh2 Qxb2 43. Qxa5 1-0

[Event "Leiden SB-ch"]
[Site "Leiden"]
[Date "2013.06.25"]
[Round "6"]
[White "Van Ketel, Raoul"]
[Black "Van Briemen, Willem Jan"]
[Result "1-0"]
[WhiteElo "2241"]
[BlackElo "2023"]
[PlyCount "69"]
[EventDate "2013.05.21"]
[EventType "swiss"]
[EventRounds "7"]
[EventCountry "NED"]
[SourceTitle "EXT 2014"]
[Source "ChessBase"]
[SourceDate "2013.11.20"]
[SourceVersion "1"]
[SourceVersionDate "2013.11.20"]
[SourceQuality "1"]

1. d4 d5 2. c4 c6 3. Nc3 Nf6 4. e3 g6 5. Nf3 Bg7 6. Be2 0-0 7. 0-0 dxc4 8. Bxc4 Nbd7 9. Bd2 Qc7 10. Rc1 e5 11. Nb5 Qb8 12. dxe5 Nxe5 13. Nxe5 cxb5 14. Bxf7+ Rxf7 15. Nxf7 Kxf7 16. Qb3+ Be6 17. Qxb5 a6 18. Qa4 Ng4 19. f4 Qd8 20. f5 Bxf5 21. Qc4+ Ke8 22. Bb4 Qf6 23. Qg8+ Bf8 24. Bxf8 Qxf8 25. Qxf8+ Kxf8 26. e4 Kg8 27. exf5 Ne3 28. Rfe1 Nxf5 29. Rc7 b5 30. g4 Nh6 31. Ree7 Nxg4 32. Rg7+ Kf8 33. Rxh7 Kg8 34. Rcg7+ Kf8 35. Rxg6 1-0

[Event "Leiden Noteboom Memorial-A 73rd"]
[Site "Leiden"]
[Date "2013.02.08"]
[Round "1"]
[White "Van Ketel, Raoul"]
[Black "Vos, Tjark"]
[Result "1-0"]
[WhiteElo "2228"]
[BlackElo "2030"]
[PlyCount "61"]
[EventDate "2013.02.08"]
[EventType "swiss"]
[EventRounds "6"]
[EventCountry "NED"]
[SourceTitle "CBM 152 Extra"]
[Source "ChessBase"]
[SourceDate "2013.02.25"]
[SourceVersion "1"]
[SourceVersionDate "2013.02.25"]
[SourceQuality "1"]

1. d4 Nf6 2. c4 g6 3. Nc3 Bg7 4. e4 d6 5. f4 0-0 6. Nf3 c5 7. d5 e6 8. Be2 exd5 9. cxd5 Re8 10. Nd2 Na6 11. 0-0 h5 12. h3 Ng4 13. Nf3 Nf6 14. e5 dxe5 15. fxe5 Nd7 16. e6 fxe6 17. dxe6 Nf6 18. Qxd8 Rxd8 19. Bc4 Re8 20. Re1 Nb4 21. Rb1 Nc6 22. Ng5 a6 23. a4 Ne7 24. Bf4 Nf5 25. Rbd1 b6 26. Nd5 Nxd5 27. Bxd5 Ra7 28. e7+ Kh8 29. Bf7 Bd4+ 30. Rxd4 cxd4 31. Be5+ 1-0

[Event "Leiden SB-ch"]
[Site "Leiden"]
[Date "2012.06.26"]
[Round "7"]
[White "Pijpers, Arthur"]
[Black "Van Ketel, Raoul"]
[Result "1-0"]
[WhiteElo "2366"]
[BlackElo "2251"]
[PlyCount "111"]
[EventDate "2012.05.15"]
[EventType "swiss"]
[EventRounds "7"]
[EventCountry "NED"]
[SourceTitle "EXT 2018"]
[Source "ChessBase"]
[SourceDate "2017.10.13"]
[SourceVersion "1"]
[SourceVersionDate "2017.10.13"]
[SourceQuality "1"]

1. e4 e6 2. d4 d5 3. Nc3 Nf6 4. e5 Nfd7 5. f4 c5 6. Nf3 Nc6 7. Be3 Be7 8. Qd2 0-0 9. Be2 a6 10. 0-0 b5 11. a3 Qb6 12. Nd1 a5 13. c3 a4 14. Bd3 cxd4 15. Nxd4 Nc5 16. Nf2 Na5 17. Bxb5 Ba6 18. Bxa6 Qxa6 19. Rab1 Rfb8 20. f5 Nc4 21. Qe2 Nxe5 22. fxe6 fxe6 23. Qh5 Ng6 24. Ng4 Rf8 25. Rf3 Rxf3 26. Nxf3 Rf8 27. Nfe5 Nf4 28. Nh6+ gxh6 29. Qg4+ Ng6 30. Nxg6 hxg6 31. Qxg6+ Kh8 32. Qxh6+ Kg8 33. Qg6+ Kh8 34. Bh6 Rg8 35. Qh5 Qd3 36. Be3+ Kg7 37. Bd4+ Bf6 38. Bxf6+ Kxf6 39. Rf1+ Qxf1+ 40. Kxf1 Rf8 41. Ke2 Ne4 42. Ke3 Ke7 43. c4 Nf6 44. Qh4 dxc4 45. Qxc4 Nd5+ 46. Ke2 Rf4 47. Qc5+ Kf6 48. g3 Re4+ 49. Kd3 Rg4 50. h3 Rxg3+ 51. Ke4 Rxh3 52. Qf8+ Kg6 53. Ke5 Re3+ 54. Kd6 Nf6 55. Qa8 Re4 56. Qc6 1-0

[Event "Leiden SB-ch"]
[Site "Leiden"]
[Date "2012.06.12"]
[Round "5"]
[White "Van Haastert, Edwin"]
[Black "Van Ketel, Raoul"]
[Result "1/2-1/2"]
[WhiteElo "2431"]
[BlackElo "2251"]
[PlyCount "88"]
[EventDate "2012.05.15"]
[EventType "swiss"]
[EventRounds "7"]
[EventCountry "NED"]
[SourceTitle "EXT 2018"]
[Source "ChessBase"]
[SourceDate "2017.10.13"]
[SourceVersion "1"]
[SourceVersionDate "2017.10.13"]
[SourceQuality "1"]

1. d4 e6 2. c4 Nf6 3. Nf3 b6 4. g3 Ba6 5. Nbd2 Be7 6. Bg2 0-0 7. 0-0 d5 8. b3 c5 9. Bb2 Nc6 10. dxc5 Bxc5 11. a3 dxc4 12. b4 Be7 13. Qa4 c3 14. Bxc3 Bxe2 15. Rfe1 Nd5 16. Bxg7 Kxg7 17. Qxc6 Rc8 18. Qa4 Bf6 19. Qxa7 Bxa1 20. Rxa1 Ra8 21. Qb7 Qc8 22. Qxc8 Rfxc8 23. Nd4 Bd3 24. Bxd5 exd5 25. a4 Bc2 26. a5 bxa5 27. bxa5 Bd3 28. Ra3 Rc1+ 29. Kg2 Ba6 30. g4 Rd1 31. N2f3 Bd3 32. Kg3 Ra6 33. Nh4 Be4 34. Nhf5+ Kf8 35. Kf4 Rd2 36. Rb3 Bxf5 37. Rb8+ Ke7 38. Nxf5+ Kd7 39. Rb7+ Kc6 40. Rxf7 Rxa5 41. Rxh7 Rxf2+ 42. Ke5 Ra4 43. Nd4+ Rxd4 44. Kxd4 Rf4+ 1/2-1/2

[Event "Leiden SB-ch"]
[Site "Leiden"]
[Date "2012.05.15"]
[Round "1"]
[White "De Mooij, Marco"]
[Black "Van Ketel, Raoul"]
[Result "0-1"]
[WhiteElo "1898"]
[BlackElo "2251"]
[PlyCount "56"]
[EventDate "2012.05.15"]
[EventType "swiss"]
[EventRounds "7"]
[EventCountry "NED"]
[SourceTitle "EXT 2018"]
[Source "ChessBase"]
[SourceDate "2017.10.13"]
[SourceVersion "1"]
[SourceVersionDate "2017.10.13"]
[SourceQuality "1"]

1. e4 e6 2. d4 d5 3. Nc3 Nf6 4. Bg5 dxe4 5. Nxe4 Be7 6. Nxf6+ Bxf6 7. Bxf6 Qxf6 8. Nf3 0-0 9. Bc4 c5 10. Qe2 cxd4 11. 0-0-0 Nc6 12. Rhe1 Rd8 13. Qe4 a6 14. Kb1 g6 15. g4 Rd6 16. h4 b5 17. Bd3 Bb7 18. g5 Qg7 19. Qf4 Rad8 20. h5 gxh5 21. Rh1 e5 22. Qh4 Ne7 23. Qxh5 e4 24. Rde1 Re6 25. Bf1 exf3 26. Rxe6 fxe6 27. Bd3 Ng6 28. Re1 Nf4 0-1

[Event "NED-chT 1112"]
[Site "Netherlands"]
[Date "2012.03.31"]
[Round "8.6"]
[White "Martens, Martin"]
[Black "Van Ketel, Raoul"]
[Result "1-0"]
[WhiteElo "2444"]
[BlackElo "2286"]
[PlyCount "81"]
[EventDate "2011.09.17"]
[EventType "team-tourn"]
[EventRounds "9"]
[EventCountry "NED"]
[SourceTitle "EXT 2013"]
[Source "ChessBase"]
[SourceDate "2012.11.22"]
[SourceVersion "1"]
[SourceVersionDate "2012.11.22"]
[SourceQuality "1"]
[WhiteTeam "Rotterdam"]
[BlackTeam "Leiden LSG"]
[WhiteTeamCountry "NED"]
[BlackTeamCountry "NED"]

1. e4 e6 2. Nf3 d5 3. e5 c5 4. b4 cxb4 5. a3 Nc6 6. axb4 Bxb4 7. c3 Be7 8. d4 f6 9. Bd3 fxe5 10. dxe5 Qc7 11. Qe2 Nh6 12. 0-0 Nf7 13. Re1 0-0 14. Na3 Bd7 15. Nb5 Qd8 16. Bd2 Bc5 17. Nbd4 Qe7 18. Reb1 Rab8 19. g3 Be8 20. h4 g6 21. Bf4 Bd7 22. Kg2 Bb6 23. Rh1 a6 24. Qe3 Bd8 25. g4 Nh8 26. Bh6 Bc7 27. h5 g5 28. Nxg5 Rf7 29. f4 Na5 30. Ngf3 Nc4 31. Qc1 Bc6 32. Kg3 Bd7 33. Ra2 Qe8 34. Rg2 Qe7 35. g5 Rf5 36. Nxf5 exf5 37. g6 hxg6 38. hxg6 Be6 39. Bg5 Qg7 40. Bf6 Qxg6+ 41. Kf2 1-0

[Event "Leiden Noteboom Memorial-A 72nd"]
[Site "Leiden"]
[Date "2012.02.18"]
[Round "2"]
[White "Van der Hoeven, Gerben"]
[Black "Van Ketel, Raoul"]
[Result "0-1"]
[WhiteElo "1961"]
[BlackElo "2275"]
[PlyCount "68"]
[EventDate "2012.02.17"]
[EventType "swiss"]
[EventRounds "6"]
[EventCountry "NED"]
[SourceTitle "CBM 147 Extra"]
[Source "ChessBase"]
[SourceDate "2012.04.24"]
[SourceVersion "1"]
[SourceVersionDate "2012.04.24"]
[SourceQuality "1"]

1. Nf3 Nf6 2. g3 d5 3. Bg2 e6 4. 0-0 Be7 5. c4 dxc4 6. Na3 0-0 7. Nxc4 c5 8. b3 Nc6 9. Bb2 Bd7 10. d4 Rc8 11. dxc5 Bxc5 12. Bxf6 gxf6 13. Nd6 Rb8 14. Rc1 Ba3 15. Rc4 Qe7 16. Nb5 Rfd8 17. Nxa3 Qxa3 18. Qd2 Qf8 19. Qf4 Qg7 20. Bh3 Ne7 21. Qe3 b6 22. Rfc1 Rbc8 23. Rxc8 Bxc8 24. Rc4 h6 25. Qc1 Ba6 26. Rg4 Ng6 27. Bf1 e5 28. Ra4 Bb5 29. Rxa7 Nf4 30. Qe1 Qg4 31. Kh1 e4 32. gxf4 exf3 33. e3 Bxf1 34. Qxf1 Rd1 0-1